Essential education forenvironment sustainability / (Record no. 151033)

MARC details
000 -LEADER
fixed length control field 00622nam a22001937a 4500
005 - DATE AND TIME OF LATEST TRANSACTION
control field 20180419112913.0
010 ## - LCCN (DPL NO)
LC control number ENG-122548
020 ## - INTERNATIONAL STANDARD BOOK NUMBER
International Standard Book Number 9789385998409
Terms of availability 295.00
035 ## - SYSTEM CONTROL NUMBER
System control number EN-106080
037 ## - SOURCE OF ACQUISITION
Source of stock number/acquisition DBAD/PUB.
082 ## - DEWEY DECIMAL CLASSIFICATION NUMBER
Classification number 333.72
100 ## - MAIN ENTRY--PERSONAL NAME
Personal name Jena, Ananta Kumar
245 ## - TITLE STATEMENT
Title Essential education forenvironment sustainability /
Statement of responsibility, etc by Ananta Kumar Jena
260 ## - PUBLICATION, DISTRIBUTION, ETC. (IMPRINT)
Place of publication, distribution, etc New Delhi
Name of publisher, distributor, etc Medtech Private Ltd.
Date of publication, distribution, etc 2017
270 ## - ADDRESS
Address 4850/24, Ansari Road, Daryaganj,
City New Delhi
Postal code 110002
300 ## - PHYSICAL DESCRIPTION
Extent 196p.
Other physical details ill.
Dimensions 24cm.(pbk)
500 ## - GENERAL NOTE
General note It includes bibliography and index
942 ## - ADDED ENTRY ELEMENTS (KOHA)
Source of classification or shelving scheme Dewey Decimal Classification
Item type English Books
Call number suffix JEN
Classification part 333.72
Holdings
Withdrawn status Lost status Not for loan Collection code Home library Current library Date acquired Source of acquisition Cost, normal purchase price Full call number Barcode Copy number Cost, replacement price Koha item type
    Not For Loan Non-fiction D.B.Act.Division Patel Nagar 11/04/2018 DBAD/PUB 245.00 333.72 JEN EN-106080 1 245.00 English Books

© Delhi Public Library
Hit Counter
free hit counter